Personnages de Friends - Mort Subite - Statistiques

Statistiques générales
  • Ce quiz a été pris 3 549 fois
  • Le résultat moyen est 7 sur 10
Answers on the Grid
Answers color-coded by a green-red scale on the quiz's grid according to % correct below.
Monica Geller
Chandler Bing
Phoebe Buffay
Joey Tribbiani
Ben Geller
Carol Willick
Mike Hannigan
Richard Burcke
Rachel Green
Janice Litman
Michael Scott
Dwight Schrute
Ryan Howard
Jay Pritchett
Haley Dunphy
Dylan Marshall
Jessica Wicks
Stuart Bloom
Judy Eriksen
Stella Zinman
Sandy Rivers
Gina Linetti
Charles Boyle
Doug Judy
Garrett McNeill
Dina Fox
Jonah Simms
Diane Lewis
 
Statistiques - réponses
Réponse % Correct
Chandler Bing
85%
Joey Tribbiani
83%
Monica Geller
83%
Phoebe Buffay
83%
Rachel Green
83%
Ben Geller
75%
Janice Litman
70%
Richard Burcke
64%
Carol Willick
62%
Mike Hannigan
62%
Aucun quiz correspondant
Distribution des résultats
% des personnes avec chaque résultat
Percentile par nombre de réponses
Votre historique - résultats
Vous n’avez pas pris ce quiz